000 00389nam a2200157Ia 4500
008 230917s9999||||xx |||||||||||||| ||und||
020 _cPON12
040 _e22883
_aMAIN
041 _aEnglish
082 _a301.35 S46R
100 _aSimmons, I G
245 0 _aRural recreation in the industrial world
260 _aLondon
_bEward Arnold
_c1975
300 _aviii, 310 p.
942 _cBK
999 _c201157
_d201157